000 00907nam a2200241Ia 4500
001 16586
003 GE_BSU
008 181216s||||||||xx |||||||||||||| ||und||
040 _cGE_BSU
080 _a37.01(479.22)(09)+ 821.353.1-94
100 _aიაშვილი, ს.
245 _aჩემი წარსულიდან
245 _b([პედაგოგის მოგონებანი]
245 _cრედ.ნ.აგიაშვილი მხ.ე.ამბოკაძე
260 _aთბილისი
260 _bლიტერატურა და ხელოვნება
260 _c1965
300 _a171გვ. ; 17სმ
653 _aპედაგოგიკა
653 _aქართული პედაგოგიური აზრის ისტორია
653 _aჩემი წარსულიდან
942 _cBK
999 _c49654
_d49654